LIBRARY ONLINE CATALOGUE

Review of medical physiology / (Record no. 12216)

MARC details
000 -LEADER
fixed length control field 00648nam a22002172 4500
001 - CONTROL NUMBER
control field 0000023969
005 - DATE AND TIME OF LATEST TRANSACTION
control field 20151217155235.0
008 - FIXED-LENGTH DATA ELEMENTS--GENERAL INFORMATION
fixed length control field 130423s xx 000 0 eng d
020 ## - INTERNATIONAL STANDARD BOOK NUMBER
International Standard Book Number 0838584357 :
040 ## - CATALOGING SOURCE
Original cataloging agency KABU
Transcribing agency KABU
100 1# - MAIN ENTRY--PERSONAL NAME
Personal name Ganong, William F.
-- 0000183809
245 10 - TITLE STATEMENT
Title Review of medical physiology /
Statement of responsibility, etc. William F. Ganong.
250 ## - EDITION STATEMENT
Edition statement 13th ed.
260 ## - PUBLICATION, DISTRIBUTION, ETC. (IMPRINT)
Place of publication, distribution, etc. San Mateo, CA :
Name of publisher, distributor, etc. Appleton & Lange,
Date of publication, distribution, etc. 1987.
300 ## - PHYSICAL DESCRIPTION
Extent xi, 665 p.
650 #0 - SUBJECT ADDED ENTRY--TOPICAL TERM
Topical term or geographic name as entry element Human physiology.
-- 0000155597
650 #0 - SUBJECT ADDED ENTRY--TOPICAL TERM
Topical term or geographic name as entry element Medical physiology.
-- 0000183810
852 1# - LOCATION
-- p500 KES
908 ## - PUT COMMAND PARAMETER (RLIN)
Put command parameter 130423
950 ## - LOCAL HOLDINGS (RLIN)
-- 1
Holdings
Withdrawn status Lost status Source of classification or shelving scheme Not for loan Home library Current library Date acquired Total Checkouts Total Renewals Full call number Barcode Date last seen Date last checked out Price effective from Koha item type
    Library of Congress Classification   Kabarak, Main Campus Kabarak, Main Campus 17/12/2015 16 3 QP34.5 .G36 1987 c. 1 015117 07/03/2019 26/09/2018 17/12/2015 General Collection